Spojené národy a rozdelený svet

Konceptuálny rámec problematiky. Spojené národy a rozdelený svet. Nebezpečenstvo nekontrolovateľnej migrácie.

Saved in:
Bibliographic Details
Main Author: Vasiľková, Adriana
Other Authors: Kazanský, Rastislav
Format: Book Chapter
Language:Slovak
Subjects:
Tags: Add Tag
No Tags, Be the first to tag this record!

MARC

LEADER 00000naa$a2200000$$$4500
001 0252661
005 20190328110840.4
041 0 |a slo 
044 |a SK 
245 1 0 |a Spojené národy a rozdelený svet  |c Adriana Vasiľková, Rastislav Kazanský 
520 |a Konceptuálny rámec problematiky. Spojené národy a rozdelený svet. Nebezpečenstvo nekontrolovateľnej migrácie. 
610 2 0 |a migrácia nelegálna 
610 2 0 |a utečenci 
610 2 0 |a hranice štátne 
610 2 0 |a národ 
610 2 0 |a vojny 
100 1 |a Vasiľková, Adriana 
700 1 |a Kazanský, Rastislav